24/25 English Football League - Statistics

General Stats
  • This quiz has been taken 28 times
  • The average score is 58 of 92
Answer Stats
Answer % Correct
Arsenal
100%
Brighton
96%
Liverpool
96%
Newcastle
96%
Burnley
91%
Chelsea
91%
Everton
91%
Man City
91%
Aston Villa
87%
Brentford
87%
Leicester
87%
Man U
87%
Nottingham
87%
Tottenham
87%
West Ham
87%
Leeds
83%
Southampton
83%
Wolves
83%
Fulham
78%
Luton
78%
Norwich
78%
Birmingham
74%
Bolton
74%
Bournemouth
74%
Crystal Palace
74%
Portsmouth
74%
Sunderland
74%
Wrexham
74%
Accrington
70%
Cardiff
70%
Ipswich
70%
Sheffield United
70%
Swansea
70%
Blackburn
65%
Derby
65%
Hull
65%
Notts County
65%
Plymouth
65%
Watford
65%
Wycombe
65%
Bradford
61%
Bristol
61%
Carlisle
61%
Crawley
61%
Crewe
61%
Huddersfield
61%
Millwall
61%
Oxford
61%
Sheffield Wed
61%
Stockport
61%
Barnsley
57%
Chesterfield
57%
Newport
57%
Preston
57%
QPR
57%
Salford
57%
West Brom
57%
Barrow
52%
Blackpool
52%
Bristol Rovers
52%
Cheltenham
52%
Coventry
52%
Fleetwood
52%
Grimsby
52%
Leyton Orient
52%
Middlesbrough
52%
MK Dons
52%
Morecambe
52%
Rotherham
52%
Tranmere
52%
Walsall
52%
Colchester
48%
Lincoln
48%
Peterborough
48%
Port Vale
48%
Wimbledon
48%
Cambridge
43%
Charlton
43%
Doncaster
43%
Exeter
43%
Gillingham
43%
Harrogate
43%
Mansfield
43%
Reading
43%
Stevenage
43%
Stoke
43%
Wigan
43%
Northampton
39%
Shrewsbury
39%
Bromley
35%
Burton
30%
Swindon
30%
No matching quizzes found
Score Distribution
Percent of People with Each Score
Percentile by Number Answered
Your Score History
You have not taken this quiz